| 000 | 00760nam a22001577a 4500 | ||
|---|---|---|---|
| 003 | OSt | ||
| 005 | 20151120153657.0 | ||
| 008 | 151120b xxu||||| |||| 00| 0 eng d | ||
| 040 | _cRUA | ||
| 082 | _aFIS គង់ 1995 B159 Or.1 | ||
| 100 |
_93969 _aគង់ ជា |
||
| 245 | _aA comparative study of pond based and pond rice field based fish culture systems in romeas hek district svay rieng province, សិក្សាប្រៀបធៀបប្រព័ន្ធចិញ្ចឹមត្រីក្នុងស្រះ និងស្រះភ្ចាប់ស្រែ នៅស្រុករមាសហែក ខេត្តស្វាយរៀង, | ||
| 260 |
_aPhnom Penh _bRUA _c1995 |
||
| 300 |
_a109. _bill. _c29cm. |
||
| 942 |
_2ddc _cFIS |
||
| 999 |
_c3690 _d3690 |
||